01120nam a2200265 i 4500001001000000003000900010005001700019007000300036008004100039020001500080040003000095082002000125100005200145245022900197264007800426300003900504336002700543337003300570338002800603490003000631500006900661500006300730650001700793700004400810000021604DO-SdBNP20250128193628.0ta100909s2003 dr a 000 0 spa d a9993455105 aDO-SdBNPbspacBNPHUerda 4a929.1bE77d2221 aEspinal Hernández, Edwin,d1971-eautor4aut.10aDe mi quehacer genealógico :brecopilación de mis 25 charlas genealógicas presentadas en diferentes foros nacionales durante mis últimos diez años /cEdwin Espinal Hernández ; edición, Luis José Prieto Nouel. aSanto Domingo :bEditor Instituto Dominicano de Genealogía, INC,c2003. a458 páginas :brtratos ;c22 cm. atextobtxt2rdacontent asin mediaciónbn2rdamedia avolumenbnc2rdacarrier1 aCharlas Genealógicasv1 aIncluye referencias bibliográficas y notas al pie de páginas aIncluye datos biográficos del autor en la contracubierta 4aGenealogía1 aPrieto Nouel, Luis José,eeditor4ed.